Personnel Managemet (Record no. 3302)

MARC details
000 -LEADER
fixed length control field 00586nam a2200133 4500
020 ## - INTERNATIONAL STANDARD BOOK NUMBER
ISBN 0852921993
050 ## - CALL NUMBER
Classification number HF5549
Item number .N55
100 ## - AUTHOR
Personal name Niven Mary M.
245 ## - TITLE
Title Personnel Managemet
260 ## - PUBLICATION INFORMATION
Place of publication London:
Name of publisher Institute of Personnel Management;
Year of publication 1967.
300 ## - DESCRIPTION
Number of Pages 168 p.
Dimensions 22 cm.
505 ## - FORMATTED CONTENTS NOTE
Table of Content Chapter 1. Then and now<br/>Chapter 2. The early background<br/>Chapter 3. Events leading to the founding of the institute<br/>Chapter 4. War years<br/>Chapter 5. Post-war years<br/>Chapter 6. Inter-war years<br/>Chapter 7. The second world war<br/>Chapter 8. Transition<br/>Chapter 9. New perspective
942 ## - ADDED ENTRY ELEMENTS (KOHA)
Koha item type Books
Holdings
Withdrawn status Lost status Home library Current library Shelving location Date acquired Full call number Accession Number Koha item type
    Methodist University Library Tema Methodist University Library Tema General Stacks 03/05/2018 HF5549 .N55 21316 Books
Copyright © 2026  MUG Library